La tía Julia y escribidor (Registro nro. 12188)

Detalles MARC
000 -ENCABEZADO
Número de control [NR] 00582nam a2200181Ia 4500
008 - DE LONGITUD FIJA DE DATOS DE ELEMENTOS - INFORMACIÓN GENERAL
Elementos de longitud fija [NR] 130821s1977 sp gr spa
040 ## - FUENTE DE CATALOGACION [NR]
Agencia de catalogación original [NR] Co-BoUCM
Idioma de catalogación [NR] spa
041 ## - CODIGO DE IDIOMA [R]
Código de idioma para texto/pista de sonido o título separado [R] Español
100 ## - ASIENTO PRINCIPAL--NOMBRE PERSONAL [NR]
Nombre personal [NR] Vargas Llosa, Mario
Fechas asociadas con el nombre [NR] 1936-
ID Autoridad 49169
245 #3 - MENCION DE TITULO [NR]
Título [NR] La tía Julia y escribidor
Mención de responsabilidad, etc. [NR] Mario Vargas LLosa
260 ## - PUBLICACION, DISTRIBUCION, ETC. (PIE DE IMPRENTA) [R]
Lugar de publicación, distribución, etc. [R] Barcelona (España)
Nombre del editor, distribuidor, etc. [R] Seix-Barral
Fecha de publicación, distribución, etc. [R] 1977
300 ## - DESCRIPCION FISICA [R]
Extensión [R] 447 páginas
490 ## - MENCION DE SERIE [R]
Mención de serie [R] Biblioteca Breve, Novela; 424
650 04 - ASIENTO SECUNDARIO DE MATERIA - TERMINO TEMATICO [R]
Término temático o nombre geográfico como elemento de entrada [NR] Literatura peruana
9 (RLIN) 18723
650 04 - ASIENTO SECUNDARIO DE MATERIA - TERMINO TEMATICO [R]
Término temático o nombre geográfico como elemento de entrada [NR] Novela peruana
9 (RLIN) 20554
942 ## - ELEMENTOS DE ENTRADA AGREGADOS (KOHA)
Tipo de ítem principal el descrito en 300a Libro
Tema principal Literatura
Edición 1
Prefijo de la signatura top. (colección) Literatura - Perú
Parte restante de la signatura top. V17T
Sistema de clasificación DEWEY
Clasificación 863
Existencias
Fecha de último préstamo Total préstamos Total Renewals Signatura topográfica Código de barras Última vez visto Ejemplar Price effective from Tipo de ítem Perdido Sistema de clasificación Dañado No prestable Tipo de ítem específico Suprimido Ubicación habitual Ubicación actual Localización Fecha de creación Forma de adquisición Costo
21/04/2015 8 4 PE 863 V17T 100017548 01/12/2025 Ej.1 03/02/2013 Libro   DEWEY     Libro   Hospital Universitario Mayor Hospital Universitario Mayor 9no piso 28/02/2003 Compra 476.00